Manicoba and Mangabeira rubbers (Record no. 45873)

MARC details
000 -LEADER
fixed length control field 00269nam a2200109Ia 4500
100 ## - MAIN ENTRY--AUTHOR NAME
Personal name Schery Robert W
245 #0 - TITLE STATEMENT
Title Manicoba and Mangabeira rubbers
260 ## - PUBLICATION, DISTRIBUTION, ETC. (IMPRINT)
Name of publisher Economic Botany
Year of publication 1949
300 ## - PHYSICAL DESCRIPTION
Number of Pages 240-264
942 ## - ADDED ENTRY ELEMENTS (KOHA)
Koha item type Reprints
Holdings
Withdrawn status Lost status Damaged status Not for loan Home library Current library Date acquired Serial Enumeration / chronology Accession Number Koha item type
      Reprints RRII Library RRII Library 22/12/2021 Volume 3, Issue 3 P1353 Reprints